Normal view
MARC view
Entry Término temático
001 - NÚMERO DE CONTROL
- campo de control: 39825
003 - IDENTIFICADOR DE NÚMERO DE CONTROL
- campo de control: OSt
005 - FECHA Y HORA DE LA ÚLTIMA TRANSACCIÓN
- campo de control: 20250424132620.0
008 - ELEMENTOS DE DATO DE LONGITUD-FIJA
- campo de control de longitud fija: 250424|| aca||babn | a|a d
040 ## - FUENTE DE CATALOGACIÓN
- Centro catalogador/agencia de origen: OSt
150 ## - ENCABEZAMIENTO--TÉRMINO DE MATERIA
- Término de materia o nombre geográfico como elemento de entrada: JORNADA MUNDIAL POR EL TRABAJO DECENTE
450 ## - TRAZADO DE VÉASE--TÉRMINO DE MATERIA
- Término de materia o nombre geográfico como elemento de entrada: DIA MUNDIAL DEL TRABAJO DECENTE
450 ## - TRAZADO DE VÉASE--TÉRMINO DE MATERIA
- Término de materia o nombre geográfico como elemento de entrada: DIA MUNDIAL POR EL TRABAJO DECENTE
450 ## - TRAZADO DE VÉASE--TÉRMINO DE MATERIA
- Término de materia o nombre geográfico como elemento de entrada: 7 DE OCTUBRE